| 000 | 00279 a2200121 4500 | ||
|---|---|---|---|
| 999 |
_c327989 _d327989 |
||
| 001 | 92916 | ||
| 003 | NUST | ||
| 005 | 20180120142906.0 | ||
| 008 | 180120b xxu||||| |||| 00| 0 eng d | ||
| 082 | _a297.265 QAS | ||
| 100 |
_aSyed Qasim Mehmood _99221 |
||
| 245 |
_aIslami Science _hUrdu |
||
| 260 |
_aLahore _bAl-Faisal _c2014 |
||
| 300 | _a152p. | ||
| 942 |
_aCAE NUST _cBK _k297.265 QAS _2ddc |
||